| 000 -CABECERA |
| fixed length control field |
01275nam a22002417a 4500 |
| 003 - IDENTIFICADOR DEL NÚMERO DE CONTROL |
| control field |
AR-CdUCM |
| 008 - DATOS DE LONGITUD FIJA--INFORMACIÓN GENERAL |
| fixed length control field |
190416b ||||| |||| 00| 0 spa d |
| 040 ## - FUENTE DE LA CATALOGACIÓN |
| Agencia/entidad que catalogó originalmente la obra |
MUNICIPALIDAD PROVINCIAL DEL CUSCO |
| Entidad que transcribió la catalogación |
BIBLIOTECA MUNICIPAL DEL CUSCO |
| 082 ## - NÚMERO DE LA CLASIFICACIÓN DECIMAL DEWEY |
| No. de Clasificación |
TS / 985.62 / |
| Notacion interna |
F83 |
| 100 ## - ENTRADA PRINCIPAL--NOMBRE DE PERSONA |
| Nombre Personal |
Frisancho Pineda, Samuel B |
| 245 ## - MENCIÓN DE TÍTULO |
| Título |
Monografía del departamento de Puno / |
| 260 ## - PUBLICACIÓN, DISTRIBUCIÓN, ETC. |
| Lugar de publicación, distribución, etc. |
Puno : |
| Fecha de publicación, distribución, etc. |
1970. |
| 300 ## - DESCRIPCIÓN FÍSICA |
| Nº de Páginas Extensión |
Tomos ; |
| Otros detalles físicos |
Ilustraciones, |
| Dimensiones |
23 cm. |
| 505 ## - NOTA DE CONTENIDO CON FORMATO |
| Nota de contenido formateada |
Contenido: t.1: Fundación de Puno -- Geografía del Departamento del Puno -- Biografías. t.2: Grato esfuerzo a favor de Puno -- Esquema de desarrollo científico y tecnológico en el altiplano puneño por Ignacio Frisancho Pineda -- Discurso pronunciado por el diputado por Puno Dr. Mariano H. Cornejo sobre fundación de un convento en Puno ... t.3: La generación del 40 y el porvenir de Puno -- Breve historia de la fundación de Puno, por Vladimiro Bermejo -- Monografía sintética de la provincia de Lampa, por Antonieta Belón de Romero ... |
| 650 ## - PUNTO DE ACCESO ADICIONAL DE MATERIA--TÉRMINO DE MATERIA |
| Descriptor |
Puno |
| 9 (RLIN) |
3897 |
| 650 ## - PUNTO DE ACCESO ADICIONAL DE MATERIA--TÉRMINO DE MATERIA |
| Descriptor |
Perú |
| 9 (RLIN) |
35 |
| 650 ## - PUNTO DE ACCESO ADICIONAL DE MATERIA--TÉRMINO DE MATERIA |
| Descriptor |
Descripciones y viajes |
| 9 (RLIN) |
497 |
| 650 ## - PUNTO DE ACCESO ADICIONAL DE MATERIA--TÉRMINO DE MATERIA |
| Descriptor |
Condiciones sociales |
| 9 (RLIN) |
1132 |
| 650 ## - PUNTO DE ACCESO ADICIONAL DE MATERIA--TÉRMINO DE MATERIA |
| Descriptor |
Historia |
| 9 (RLIN) |
136 |
| 942 ## - ELEMENTOS DE PUNTO DE ACCESO ADICIONAL (KOHA) |
| Fuente de clasificación |
|
| Tipo de item |
Tesis y monografías |
| 945 ## - PROCESAMIENTO DE INFORMACIÓN LOCAL (OCLC) |
| Catalogador |
cmm |
| AAAA-MM-DD - Fecha de ingreso o modificacion |
2015-04-16 |